European Championship Football Quiz - Statistics

General Stats
  • This quiz has been taken 28 times
  • The average score is 8 of 15
Answer Stats
Hint Answer % Correct
Who is the only team to have won the competition 4 times? Spain - 1964, 2008, 2012, 2024
96%
How many teams participated in each of the first 5 editions of the competition? 4
92%
Who is the all-time European Championships top scorer? Cristiano Ronaldo
85%
Who won Euro 2004? Greece
81%
Who won the first edition of the European Championships in 1960? USSR
81%
Who hosted Euro 1996? England
65%
Which city hosted the first game of Euro 2024? Munich
65%
Which England player scored in the Euro 2024 final? Cole Palmer
62%
Who scored Portugals winner vs France in the Euro 2016 final? Eder
54%
Who is the youngest player to appear in a European Championship game? Lamine Yamal
50%
How many matches were played in Euro 2024? 51
38%
Who was the top scorer at Euro 2004? Milan Baros
23%
Which manager has managed the most European Championship games? Joachim Low
19%
Who are the only brothers to face each other in a European Championship game? Taulant and Granit Xhaka
12%
Iker Casilias and which other goalkeeper have recorded the most European Championships? Edwin van der Sar
0%
No matching quizzes found
Score Distribution
Percent of People with Each Score
Percentile by Number Answered
Your Score History
You have not taken this quiz